[Event "London Classic Open 2016"]
[Site "London ENG"]
[Date "2016.12.14"]
[Round "7.74"]
[White "Gaudeau, Valentin"]
[Black "Iyengar, Ilya"]
[Result "1-0"]
[WhiteElo "2182"]
[BlackElo "2008"]
[WhiteFideId "662216"]
[BlackFideId "405949"]
[EventDate "2016.12.09"]

1. d4 Nf6 2. c4 g6 3. Nc3 Bg7 4. e4 d6 5. Nf3 O-O 6. Be2 e5 7. Be3 Ng4 8. Bg5 f6
9. Bh4 g5 10. Bg3 Nc6 11. d5 Ne7 12. O-O Ng6 13. Nd2 Nh6 14. f3 f5 15. b4 g4 16.
Bf2 gxf3 17. Bxf3 Ng4 18. Bxg4 fxg4 19. c5 Bd7 20. Nc4 Qe7 21. a4 h5 22. Qd2 Nf4
23. Be3 Rf6 24. Nb5 Bxb5 25. axb5 Raf8 26. Kh1 Bh6 27. Rfe1 Qf7 28. Qd1 h4 29.
Bxf4 Rxf4 30. cxd6 h3 31. g3 Rf2 32. Qxg4+ Kh7 33. Qxh3 Qf3+ 34. Kg1 Qd3 35. Ne3
Qxe4 36. Ng4 1-0

[Event "London Classic Open 2016"]
[Site "London ENG"]
[Date "2016.12.14"]
[Round "7.75"]
[White "Karayiannis, Costas"]
[Black "Rice, Chris B"]
[Result "1/2-1/2"]
[WhiteElo "2159"]
[BlackElo "2002"]
[WhiteFideId "405183"]
[BlackFideId "404446"]
[EventDate "2016.12.09"]

1. d4 Nf6 2. c4 d6 3. Nc3 Nbd7 4. Nf3 e5 5. Bg5 Be7 6. e3 O-O 7. Be2 c6 8. O-O
Ne8 9. Bxe7 Qxe7 10. b4 Ndf6 11. dxe5 dxe5 12. c5 Bg4 13. Qb3 Nc7 14. Nd2 Bxe2
15. Nxe2 Rfd8 16. Nc4 Nfe8 17. Na5 Ne6 18. Qb2 f6 19. Qb3 Rab8 20. Rad1 Kh8 21.
Ng3 Rxd1 22. Rxd1 Rd8 23. Rxd8 Nxd8 24. Nc4 Qd7 25. f3 g6 26. Kf2 Kg7 27. Ke2
Nf7 28. a4 Nd8 29. Ne4 Nf7 30. Qd3 Qe6 31. Nc3 Nc7 32. e4 Na6 33. Na2 1/2-1/2

[Event "London Classic Open 2016"]
[Site "London ENG"]
[Date "2016.12.14"]
[Round "7.76"]
[White "Shepherd, Katherine M"]
[Black "Suder, Ryszard"]
[Result "0-1"]
[WhiteElo "1935"]
[BlackElo "2123"]
[WhiteFideId "412031"]
[BlackFideId "1102699"]
[EventDate "2016.12.09"]

1. d4 Nf6 2. Nf3 g6 3. Nc3 d5 4. Bf4 Bg7 5. Qd2 Ne4 6. Nxe4 dxe4 7. Ne5 Nd7 8.
O-O-O Nxe5 9. Bxe5 Bxe5 10. dxe5 Qxd2+ 11. Kxd2 Bd7 12. e3 Bg4 13. Be2 O-O-O+
14. Ke1 Rxd1+ 15. Bxd1 Bxd1 16. Kxd1 Rd8+ 17. Ke2 Rd5 18. Rd1 Rxe5 19. Rd4 Re6
20. f3 exf3+ 21. gxf3 Rd6 22. Rf4 f6 23. h4 Kd7 24. b3 Ke6 25. a4 f5 26. Rb4 b6
27. Rc4 c5 28. a5 Kf6 29. axb6 axb6 30. b4 cxb4 31. Rxb4 g5 32. Rc4 gxh4 33.
Rxh4 Kg6 34. e4 Re6 35. Kd3 fxe4+ 36. fxe4 h5 37. Kd4 Kg5 38. Rh1 h4 39. e5 Rh6
40. c4 h3 41. e6 Kg4 42. Kd5 Kg3 43. Re1 h2 44. Kc6 Kf2 45. Rh1 Rxe6+ 46. Kd7
Rh6 47. Kxe7 Kg2 48. Rb1 h1=Q 49. Rxh1 Kxh1 50. Kd7 Kg2 51. Kc7 Kf3 52. Kb7 Ke4
53. Ka6 Kd4 54. Kb5 Rg6 55. Kb4 Rg5 56. Kb3 Kc5 57. Kc3 Rg3+ 58. Kd2 Kxc4 59.
Ke2 b5 60. Kf2 Rc3 61. Ke2 b4 62. Kd2 b3 63. Kd1 Kd3 64. Ke1 Ke3 65. Kf1 Rc2 66.
Kg1 b2 67. Kf1 b1=Q# 0-1

[Event "London Classic Open 2016"]
[Site "London ENG"]
[Date "2016.12.14"]
[Round "7.77"]
[White "Gollain, Marc"]
[Black "Disu, Kayode"]
[Result "1/2-1/2"]
[WhiteElo "2122"]
[BlackElo "1976"]
[WhiteFideId "603546"]
[BlackFideId "432849"]
[EventDate "2016.12.09"]

1. c4 e5 2. g3 Nc6 3. Bg2 f5 4. Nc3 Nf6 5. e3 d5 6. cxd5 Nb4 7. d3 Nbxd5 8. Nge2
c6 9. O-O Bd6 10. Qb3 Nb6 11. a4 Qe7 12. a5 Be6 13. Qc2 Nbd5 14. a6 b6 15. e4
Nb4 16. Qa4 b5 17. Qd1 Rd8 18. Bg5 h6 19. Bxf6 Qxf6 20. exf5 Bxf5 21. Ne4 Qe7
22. Nc1 Bc7 23. Qb3 Be6 24. Qc3 O-O 25. Nc5 Nd5 26. Qc2 Nb4 27. Qc3 Nd5 28. Qc2
Nb4 29. Qc3 1/2-1/2

[Event "London Classic Open 2016"]
[Site "London ENG"]
[Date "2016.12.14"]
[Round "7.78"]
[White "Hebbes, Tim"]
[Black "Jyothilal, N."]
[Result "1/2-1/2"]
[WhiteElo "2113"]
[BlackElo "1985"]
[WhiteFideId "406570"]
[BlackFideId "5002605"]
[EventDate "2016.12.09"]

1. Nf3 d5 2. e3 c5 3. b3 Nf6 4. Bb2 e6 5. c4 Be7 6. cxd5 exd5 7. d4 O-O 8. Be2
Nc6 9. O-O Bf5 10. Nc3 Qa5 11. a3 Rad8 12. dxc5 Qxc5 13. b4 Qd6 14. Nb5 Qb8 15.
Rc1 Ne4 16. Qb3 Rd7 17. Rfd1 Rfd8 18. Nbd4 Nxd4 19. Nxd4 Bg6 20. Bg4 Rc7 21. Nf5
Bxf5 22. Bxf5 Rxc1 23. Rxc1 Bf6 24. Rd1 Bxb2 25. Qxb2 g6 26. Bg4 Qc7 27. Rc1 Qe7
28. g3 Nd6 29. Qd4 Nb5 30. Qd3 a6 31. a4 Qxb4 1/2-1/2

[Event "London Classic Open 2016"]
[Site "London ENG"]
[Date "2016.12.14"]
[Round "7.79"]
[White "Bhatia, Kanwal K"]
[Black "Thode, Gilda"]
[Result "1-0"]
[WhiteTitle "WFM"]
[WhiteElo "2096"]
[BlackElo "1943"]
[WhiteFideId "407496"]
[BlackFideId "1323628"]
[EventDate "2016.12.09"]

1. e4 e6 2. d4 d5 3. Nd2 Nc6 4. Ngf3 Nf6 5. e5 Nd7 6. Be2 f6 7. exf6 Qxf6 8. Nf1
Bd6 9. Ne3 O-O 10. O-O Kh8 11. Ng4 Qg6 12. h3 e5 13. c4 dxc4 14. d5 Ne7 15. Ng5
Nc5 16. Bxc4 Nf5 17. b4 Nd7 18. a3 Nb6 19. Bd3 h6 20. Nf3 Re8 21. Be4 Qf7 22.
Re1 Ne7 23. Nfxe5 Bxe5 24. Nxe5 Qf6 25. Bb2 Qf4 26. Qh5 Bf5 27. g3 Qd2 28. Re2
g6 29. Nxg6+ 1-0

[Event "London Classic Open 2016"]
[Site "London ENG"]
[Date "2016.12.14"]
[Round "7.80"]
[White "Mueller, Martin2"]
[Black "Caglar, Sila"]
[Result "0-1"]
[BlackTitle "WFM"]
[WhiteElo "2088"]
[BlackElo "1938"]
[WhiteFideId "4649974"]
[BlackFideId "6364063"]
[EventDate "2016.12.09"]

1. d4 Nf6 2. Bg5 g6 3. Bxf6 exf6 4. e3 f5 5. g3 h5 6. h4 Bh6 7. Bg2 d6 8. Ne2
Nd7 9. Qd3 O-O 10. Nd2 Nf6 11. O-O-O Re8 12. Nf4 Ng4 13. Rdf1 c6 14. Bf3 Bd7 15.
Bxg4 fxg4 16. f3 gxf3 17. e4 d5 18. e5 Bf5 19. Qxf3 Qa5 20. a3 Qa4 21. Qc3 c5
22. dxc5 Rxe5 23. Kb1 Rae8 24. Qb3 Qc6 25. Nf3 Bxf4 26. gxf4 Re3 27. Qb4 R3e4
28. Nd4 Qf6 29. Rd1 Bg4 30. Rd2 Qxf4 31. Qc3 Re3 32. Qa5 b6 33. cxb6 axb6 34.
Qb4 Qf6 35. Nb5 Bf3 36. Rg1 R3e4 37. Qb3 Re3 38. Rd3 Rxd3 39. Qxd3 Be4 40. Qh3
Qf2 41. Rc1 Bf5 42. Qb3 Qc5 43. Nc3 d4 44. Nd5 Rc8 45. Nb4 Be6 46. Qd3 Bf5 47.
Qb3 Re8 48. Nd5 Re2 49. Nb4 Re3 50. Qa4 b5 51. Qa8+ Kg7 52. Qd8 Re2 53. Qg5 Qc4
54. Qd8 Be6 55. Qd6 Bf5 56. Qd8 Qc5 57. Qg5 Qe5 58. Qd8 Qe3 59. Qd6 Rd2 60. Nd5
Qe6 61. Qd8 d3 62. c3 Re2 0-1

[Event "London Classic Open 2016"]
[Site "London ENG"]
[Date "2016.12.14"]
[Round "7.81"]
[White "Nettleton, Charlie B"]
[Black "Eizaguerri Floris, Maria"]
[Result "0-1"]
[BlackTitle "WFM"]
[WhiteElo "1963"]
[BlackElo "2082"]
[WhiteFideId "419710"]
[BlackFideId "32065752"]
[EventDate "2016.12.09"]

1. d4 d5 2. Bf4 Nf6 3. e3 e6 4. Nd2 c5 5. c3 Bd6 6. Bg3 Nc6 7. Ngf3 O-O 8. Bd3
Re8 9. Ne5 Bxe5 10. dxe5 Nd7 11. f4 c4 12. Bb1 Qb6 13. O-O Qxb2 14. Qc2 Qxc2 15.
Bxc2 b5 16. Rab1 Rb8 17. a3 a5 18. e4 d4 19. Rf3 Ba6 20. Bf2 d3 21. Bxd3 cxd3
22. Rxd3 Nf8 23. Rd6 Rec8 24. Nb3 b4 25. cxb4 axb4 26. Bc5 bxa3 27. Bxa3 Bc4 28.
Nd2 Rxb1+ 29. Nxb1 Na7 0-1

[Event "London Classic Open 2016"]
[Site "London ENG"]
[Date "2016.12.14"]
[Round "7.82"]
[White "Heuser, Philip"]
[Black "Johnson, Daniel"]
[Result "0-1"]
[WhiteElo "2081"]
[BlackElo "1877"]
[WhiteFideId "4654358"]
[BlackFideId "1721283"]
[EventDate "2016.12.09"]

1. d4 d5 2. c4 c6 3. Nc3 Nf6 4. Nf3 Bf5 5. Qb3 Qb6 6. c5 Qxb3 7. axb3 a6 8. b4
Ne4 9. Bf4 Nd7 10. b5 f6 11. bxc6 bxc6 12. e3 e5 13. dxe5 Ndxc5 14. Nd4 Bd7 15.
Nxe4 dxe4 16. exf6 gxf6 17. Kd2 a5 18. Bc4 Nb7 19. Rhc1 Bb4+ 20. Ke2 Ke7 21. h3
h5 22. h4 Rhc8 23. f3 Nc5 24. Rd1 Nd3 25. Bxd3 exd3+ 26. Kxd3 c5 27. Nc2 Bb5+
28. Ke4 Ra6 29. Nxb4 Re6+ 30. Kf5 cxb4 31. Rac1 Bc4 32. b3 Re5+ 33. Kg6 Bd3+ 34.
e4 Bc2 35. Rd2 Bxe4+ 0-1

[Event "London Classic Open 2016"]
[Site "London ENG"]
[Date "2016.12.14"]
[Round "7.83"]
[White "Cannon, Raymond C"]
[Black "Korning, Peter"]
[Result "0-1"]
[WhiteElo "1942"]
[BlackElo "2081"]
[WhiteFideId "408018"]
[BlackFideId "1723332"]
[EventDate "2016.12.09"]

1. Nc3 d5 2. e4 d4 3. Nce2 e5 4. Ng3 Nf6 5. Bc4 Nc6 6. Nf3 Be7 7. d3 O-O 8. O-O
Ne8 9. a3 Nd6 10. Bd5 Bf6 11. c3 Ne7 12. cxd4 exd4 13. Bb3 Ng6 14. h3 c5 15. Nh5
Be7 16. Nh2 b5 17. f4 c4 18. dxc4 Nxe4 19. cxb5 Bb7 20. f5 Bc5 21. fxg6 d3+ 22.
Kh1 hxg6 23. Rxf7 Rxf7 24. Bxf7+ Kxf7 25. Qf3+ Kg8 26. Be3 Bxe3 27. Qxe3 gxh5
28. Rf1 d2 29. Qb3+ Qd5 30. Qf3 d1=Q 0-1

[Event "London Classic Open 2016"]
[Site "London ENG"]
[Date "2016.12.14"]
[Round "7.84"]
[White "Vardan, Nagpal"]
[Black "Cohen, Ronnie"]
[Result "1-0"]
[WhiteElo "2079"]
[BlackElo "1903"]
[WhiteFideId "25089544"]
[BlackFideId "412082"]
[EventDate "2016.12.09"]

1. d4 Nf6 2. c4 g6 3. Nc3 Bg7 4. e4 d6 5. f3 c6 6. Be3 e5 7. Nge2 Nbd7 8. Qd2
O-O 9. O-O-O Qa5 10. Kb1 b5 11. cxb5 cxb5 12. Nd5 Qxd2 13. Nxf6+ Bxf6 14. Rxd2
b4 15. Nc1 a5 16. Be2 Kg7 17. dxe5 dxe5 18. Rhd1 Nb8 19. Nb3 a4 20. Nc5 Be7 21.
Bc4 Ra5 22. Nd3 Nd7 23. Bd5 a3 24. b3 f5 25. Rc1 f4 26. Bf2 g5 27. Rc7 Bd6 28.
Rc1 Nb8 29. Nc5 Rf6 30. Nb7 Bxb7 31. Bxb7 Rf7 32. Bc8 Bf8 33. Bb6 Rb5 34. Bf2 h6
35. Be6 Re7 36. Bd5 Rd7 37. Rdc2 Bd6 38. Rc8 Kg6 39. h4 gxh4 40. Bxh4 Be7 41.
Bf2 Rd8 42. Rxd8 Bxd8 43. Rc8 Bf6 44. Kc2 Be7 45. Kd3 Nd7 46. Rc7 Bc5 47. Kc4
Nb6+ 48. Kxb5 Bxf2 49. Rc6+ 1-0

[Event "London Classic Open 2016"]
[Site "London ENG"]
[Date "2016.12.14"]
[Round "7.85"]
[White "Rushbrooke, Tibo"]
[Black "Waddington, Mike P"]
[Result "0-1"]
[BlackTitle "FM"]
[WhiteElo "1502"]
[BlackElo "2078"]
[WhiteFideId "433900"]
[BlackFideId "410497"]
[EventDate "2016.12.09"]

1. e4 c5 2. d3 Nc6 3. f4 d5 4. Nc3 dxe4 5. Nxe4 Nf6 6. Nxf6+ exf6 7. c3 Bf5 8.
Nf3 Qd7 9. Be3 O-O-O 10. d4 Qe6 11. Qd2 cxd4 12. Nxd4 Rxd4 0-1

[Event "London Classic Open 2016"]
[Site "London ENG"]
[Date "2016.12.14"]
[Round "7.86"]
[White "Skutta, Bernd"]
[Black "Johansson, Toni"]
[Result "1-0"]
[WhiteElo "1942"]
[BlackElo "2071"]
[WhiteFideId "4666950"]
[BlackFideId "1703269"]
[EventDate "2016.12.09"]

1. d4 Nf6 2. Bf4 g6 3. Nc3 c5 4. d5 d6 5. e4 Bg7 6. h3 O-O 7. Nf3 b5 8. Qd3 b4
9. Nd1 Re8 10. c4 bxc3 11. Nxc3 Na6 12. Be2 Rb8 13. Rb1 Nb4 14. Qd2 Nxa2 15.
Nxa2 Nxe4 16. Qc2 Qa5+ 17. b4 cxb4 18. O-O Nc5 19. Qd2 Ne4 20. Qc2 Nc5 21. Qd2
Qa3 22. Nxb4 Nb3 23. Rxb3 Qxb3 24. Nc6 Ra8 25. Nfd4 Qb7 26. Na5 Qxd5 27. Bf3
Qxd4 28. Qxd4 Bxd4 29. Bxa8 Ba6 30. Bc6 Rc8 31. Rc1 e5 32. Be3 Bxe3 33. fxe3 Bb5
34. Kf2 Kf8 35. Ke1 Ke7 36. Kd2 Bxc6 37. Nxc6+ Kd7 38. Nxa7 Rb8 39. Rc2 Rb7 40.
Nc6 Rb5 41. Kc1 h5 42. g3 f5 43. h4 Rb3 44. Kd2 Rb1 45. Ke2 Rb5 46. Kf3 Rb1 47.
Na5 Ke6 48. Nc4 Rf1+ 49. Kg2 Rb1 50. Nd2 Rb4 51. Nf3 f4 52. gxf4 exf4 53. Ng5+
Kf5 54. exf4 Kxf4 55. Rd2 Rb6 56. Rd4+ Ke5 57. Nf3+ Kf5 58. Kg3 Ra6 59. Rd5+ Ke6
60. Rd4 d5 61. Kf4 Ra3 62. Ne5 Rh3 63. Nf3 Rh1 64. Kg5 Rh3 65. Rf4 Rg3+ 66. Kh6
Rg4 67. Rf8 d4 68. Rd8 Rf4 69. Nxd4+ Ke5 70. Kxg6 Rg4+ 71. Kxh5 Rg2 72. Nf3+ Ke6
73. Ng5+ Kf6 74. Rd6+ Ke7 75. Ra6 Rh2 76. Ra7+ Kf8 77. Kg4 Rg2+ 78. Kf5 Rh2 79.
Kf6 Ke8 80. Rh7 Rf2+ 81. Kg6 Ra2 82. h5 Ra6+ 83. Kg7 Ra7+ 84. Kg8 Ra6 85. Nf7
Rf6 86. Rg7 Ra6 87. h6 Ke7 88. Ng5+ Kf6 89. Nh7+ Kf5 90. Rf7+ Ke5 91. Nf6 Ra1
92. h7 1-0

[Event "London Classic Open 2016"]
[Site "London ENG"]
[Date "2016.12.14"]
[Round "7.87"]
[White "Eames, Robert S"]
[Black "Johnson, Paul A"]
[Result "1-0"]
[WhiteTitle "FM"]
[WhiteElo "2187"]
[BlackElo "1866"]
[WhiteFideId "408743"]
[BlackFideId "415677"]
[EventDate "2016.12.09"]

1. e4 e5 2. Nf3 Nc6 3. Bb5 a6 4. Ba4 Nf6 5. O-O Be7 6. Re1 b5 7. Bb3 d6 8. c3
Na5 9. Bc2 c5 10. d4 Qc7 11. a4 Rb8 12. axb5 axb5 13. dxe5 dxe5 14. Nxe5 Qxe5
15. Rxa5 O-O 16. h3 Qc7 17. Ra1 Rd8 18. Qf3 Bb7 19. Nd2 Ra8 20. Rxa8 Rxa8 21.
Nf1 Bc6 22. Ng3 g6 23. Bf4 Qb7 24. Bh6 Qc7 25. Qe2 Bf8 26. Bxf8 Kxf8 27. e5 Ng8
28. Qe3 Qe7 29. f4 Re8 30. f5 c4 31. f6 Nxf6 32. Qh6+ Kg8 33. exf6 Qxf6 34.
Rxe8+ Bxe8 35. Qe3 Bc6 36. Ne4 Qe6 37. Qd4 f5 38. Nc5 Qe1+ 39. Kh2 Qe7 40. Bd1
Qc7+ 41. g3 Qe7 42. h4 h5 43. b4 Kh7 44. Qf2 Qe5 45. Bf3 Bxf3 46. Qxf3 Qe1 47.
Kh3 Qd2 48. Ne6 Qd7 49. Nf8+ 1-0

[Event "London Classic Open 2016"]
[Site "London ENG"]
[Date "2016.12.14"]
[Round "7.88"]
[White "Jennings, Richard"]
[Black "Coote, Trevor D"]
[Result "0-1"]
[WhiteElo "1879"]
[BlackElo "2132"]
[WhiteFideId "2404435"]
[BlackFideId "410039"]
[EventDate "2016.12.09"]

1. c4 b6 2. Nc3 Bb7 3. e4 e6 4. g3 Bb4 5. Bg2 f5 6. d3 Bxc3+ 7. bxc3 fxe4 8. Nh3
Nf6 9. Ng5 O-O 10. O-O h6 11. Nxe4 Nxe4 12. dxe4 e5 13. c5 Kh8 14. Be3 Qe7 15.
cxb6 axb6 16. Qd2 Rf6 17. f4 Nc6 18. f5 Na5 19. Qc2 Nc4 20. Bf2 Rd6 21. Rfd1 Bc6
22. Rxd6 Qxd6 23. Qe2 b5 24. Be3 Nxe3 25. Qxe3 b4 26. cxb4 Qxb4 27. f6 g5 28. h4
Qb6 29. Qxb6 cxb6 30. Rf1 gxh4 31. gxh4 Kg8 32. Rf2 Ra4 33. Rb2 Kf7 34. Rxb6
Kxf6 35. Rb2 Bxe4 36. Rb6+ Kg7 37. Bxe4 Rxe4 38. Rd6 Rxh4 39. Rxd7+ Kf6 40. Rd2
Ra4 41. Rf2+ Kg5 42. Kg2 h5 43. Kh2 e4 44. Kg2 Kg4 45. Kf1 e3 46. Rb2 Kf3 47.
Rh2 Rf4 48. Ke1 h4 49. Rh3+ Ke4 50. Rh2 Kd3 51. Rb2 h3 52. Rh2 Rb4 0-1

[Event "London Classic Open 2016"]
[Site "London ENG"]
[Date "2016.12.14"]
[Round "7.89"]
[White "Ratnesan, Ranesh"]
[Black "Peters, Stephen G"]
[Result "0-1"]
[WhiteElo "1875"]
[BlackElo "2128"]
[WhiteFideId "439339"]
[BlackFideId "406040"]
[EventDate "2016.12.09"]

1. Nf3 d5 2. g3 Nf6 3. c4 e6 4. b3 Be7 5. Bb2 O-O 6. Bg2 c5 7. O-O Nc6 8. e3 b6
9. Qe2 Bb7 10. Rd1 Qc7 11. Nc3 Rad8 12. Rac1 Qb8 13. d4 dxc4 14. bxc4 Na5 15.
Rc2 cxd4 16. exd4 Rc8 17. Nb5 Be4 18. Rcc1 Qb7 19. d5 exd5 20. Bxf6 gxf6 21.
cxd5 Bxd5 22. Rxc8 Rxc8 23. Nbd4 Be4 24. Re1 f5 25. Nxf5 Bxf5 26. Nd4 Qd7 27.
Nxf5 Qxf5 28. Qxe7 Rc2 29. Qe8+ Kg7 30. Qe3 Rxa2 31. Be4 Qf6 32. Bd3 Nc6 33. Re2
Rxe2 34. Qxe2 Qd4 35. Bc2 Ne5 36. Qh5 Ng6 37. Qf5 Qe5 38. Qf3 b5 39. h4 h5 40.
Bb3 Nh8 41. g4 Qf6 42. Qe3 Qxh4 43. Qe5+ Qf6 44. Qxh5 a6 45. Bc2 Ng6 46. g5 Qe6
47. Bxg6 Qxg6 48. Qg4 Qe6 49. Qd4+ Kg6 50. f4 Kf5 51. Qd2 Qc4 52. Qd6 Qxf4 53.
Qxa6 Qd4+ 54. Kh2 Qe5+ 55. Kg1 Kxg5 56. Qb7 f6 57. Qg7+ Kf4 58. Qb7 Qe1+ 59. Kh2
Qf2+ 60. Kh1 Qf3+ 0-1

[Event "London Classic Open 2016"]
[Site "London ENG"]
[Date "2016.12.14"]
[Round "7.90"]
[White "Opasiak, Dustin Tennessee"]
[Black "Kuntner, Reinhard2"]
[Result "1/2-1/2"]
[WhiteElo "1823"]
[BlackElo "2086"]
[WhiteFideId "24630217"]
[BlackFideId "1630555"]
[EventDate "2016.12.09"]

1. Nf3 c5 2. e4 e6 3. d3 d5 4. Nbd2 Nc6 5. g3 Nf6 6. Bg2 b5 7. O-O Bb7 8. e5 Nd7
9. Re1 Qc7 10. Qe2 Be7 11. Nf1 O-O 12. Bf4 Rac8 13. h4 a5 14. N1h2 Rfe8 15. h5
Bf8 16. Ng4 Ne7 17. Nf6+ gxf6 18. exf6 Qb6 19. fxe7 Rxe7 20. Ne5 Nxe5 21. Bxe5
f5 22. Bf6 Rf7 23. Qxe6 Rc6 24. Qxf5 Rcxf6 25. Qg5+ Rg7 26. Qe5 Qd6 27. c3 Qxe5
28. Rxe5 Re7 29. Rae1 Kf7 30. c4 Rxe5 31. Rxe5 Bd6 32. Bxd5+ Bxd5 33. Rxd5 h6
34. f4 Ke6 35. Kf2 bxc4 36. dxc4 Bxf4 37. gxf4 Rxf4+ 1/2-1/2

[Event "London Classic Open 2016"]
[Site "London ENG"]
[Date "2016.12.14"]
[Round "7.91"]
[White "Sucikova, Svetlana"]
[Black "Giakoustidis, Spiros-Avgerinos"]
[Result "1-0"]
[WhiteTitle "WFM"]
[WhiteElo "2083"]
[BlackElo "1800"]
[WhiteFideId "14923653"]
[BlackFideId "4208668"]
[EventDate "2016.12.09"]

1. c4 Nf6 2. Nc3 d5 3. cxd5 Nxd5 4. g3 g6 5. Bg2 Nxc3 6. bxc3 Bg7 7. Rb1 Nd7 8.
Nf3 O-O 9. O-O Rb8 10. d4 c5 11. Bf4 Ra8 12. Qc1 Qa5 13. Rb2 cxd4 14. cxd4 e5
15. dxe5 Nxe5 16. Nd2 Nc6 17. Bxc6 bxc6 18. Rc2 Bh3 19. Rd1 Qa6 20. Nf3 c5 21.
Bh6 Rfe8 22. Bxg7 Kxg7 23. Rc4 h5 24. Ng5 Bg4 25. f3 Rxe2 26. fxg4 Qxa2 27. Qa1+
Qxa1 28. Rxa1 hxg4 29. Rxc5 Rd8 30. Rf1 f5 31. Rc7+ Kg8 32. Rxa7 Rdd2 33. Rh7
Rg2+ 34. Kh1 Rge2 35. Rc1 Re8 36. Kg1 Ra2 37. Rb7 Rd2 38. Ne6 Rd6 39. Nf4 g5 40.
Ng2 Ra8 41. Rb5 Kg7 42. Rxf5 Kg6 43. Rf2 Ra3 44. Rfc2 Kh5 45. Rc6 Rd2 46. Nf4+
gxf4 47. R1c5+ 1-0

[Event "London Classic Open 2016"]
[Site "London ENG"]
[Date "2016.12.14"]
[Round "7.92"]
[White "Bin-Suhayl, Yousuf"]
[Black "Dushyant, Sharma"]
[Result "0-1"]
[WhiteElo "1788"]
[BlackElo "2066"]
[WhiteFideId "427012"]
[BlackFideId "25065130"]
[EventDate "2016.12.09"]

1. Nf3 Nf6 2. c4 e6 3. d4 Bb4+ 4. Bd2 a5 5. a3 Bxd2+ 6. Nbxd2 a4 7. e4 d6 8. Bd3
Qe7 9. O-O e5 10. d5 Nbd7 11. Ne1 Nc5 12. Bc2 O-O 13. Nd3 Nfxe4 14. Nxe4 Nxe4
15. Bxa4 f5 16. Bc2 Qh4 17. f4 Re8 18. b4 Bd7 19. Rf3 Nc3 20. Qd2 e4 21. Rh3 Qf6
22. Ne5 dxe5 23. fxe5 Ne2+ 24. Qxe2 Qxe5 25. Re1 f4 26. Rb3 Qd4+ 27. Kh1 f3 28.
Qe3 Qxc4 29. Rc3 Qa2 30. Rxc7 Rxa3 31. Qd4 Rd3 32. Qg1 Bg4 33. Rxg7+ Kxg7 34.
Bxd3 f2 35. Qf1 fxe1=Q 0-1

[Event "London Classic Open 2016"]
[Site "London ENG"]
[Date "2016.12.14"]
[Round "7.93"]
[White "Lechner, Marcus"]
[Black "Mulay, Partha"]
[Result "1-0"]
[WhiteElo "2000"]
[BlackElo "1767"]
[WhiteFideId "1629034"]
[BlackFideId "436038"]
[EventDate "2016.12.09"]

1. e4 e6 2. d4 d5 3. Nc3 Nf6 4. Bg5 dxe4 5. Nxe4 Be7 6. Bxf6 gxf6 7. Qd2 f5 8.
Ng3 c5 9. Nf3 h5 10. O-O-O cxd4 11. Nxd4 h4 12. Bb5+ Kf8 13. Nxe6+ fxe6 14. Qc3
Bg5+ 15. Kb1 Qf6 16. Qxc8+ Kg7 17. Qxb7+ Kg6 18. Qxa8 hxg3 19. hxg3 Bh6 20. Qxa7
Bg7 21. c3 Qe5 22. Rxh8 Bxh8 23. Be8+ Kh6 24. Rh1+ 1-0

[Event "London Classic Open 2016"]
[Site "London ENG"]
[Date "2016.12.14"]
[Round "7.94"]
[White "Fernandez Aransay, Fernando"]
[Black "Varney, Zoe"]
[Result "0-1"]
[WhiteElo "1862"]
[BlackElo "2000"]
[WhiteFideId "2216280"]
[BlackFideId "436135"]
[EventDate "2016.12.09"]

1. e4 e5 2. Nf3 Nc6 3. d4 exd4 4. Nxd4 Bc5 5. Be3 Qf6 6. c3 Nge7 7. Bc4 Ne5 8.
Be2 Qg6 9. O-O d6 10. Nb5 Bh3 11. Bf3 O-O-O 12. Nxa7+ Kb8 13. Nb5 Nxf3+ 14. Qxf3
Bg4 15. Qf4 Be2 16. a4 Bxf1 17. Kxf1 Qh5 18. Nd2 Bxe3 19. Qxe3 Nc6 20. Nf3 f5
21. Nfd4 Nxd4 22. Qxd4 Qxh2 23. Rd1 Qh1+ 24. Ke2 Qxg2 25. Qa7+ Kc8 26. Rd4 Rhe8
27. Kd1 Rxe4 28. Rd2 Qg4+ 29. f3 Qxf3+ 30. Kc2 Re2 31. Rxe2 Qxe2+ 32. Kc1 Qe1+
33. Kc2 Qe4+ 34. Kc1 Re8 35. Qa5 Qe1+ 36. Kc2 Re2+ 37. Kb3 Qd1+ 38. Kc4 Re4+ 39.
Nd4 Rxd4+ 40. cxd4 Qc2+ 41. Kd5 Qb3# 0-1

[Event "London Classic Open 2016"]
[Site "London ENG"]
[Date "2016.12.14"]
[Round "7.95"]
[White "Bin-Suhayl, Ieysaa"]
[Black "Islam, Mohammed"]
[Result "1-0"]
[WhiteElo "1988"]
[BlackElo "1788"]
[WhiteFideId "429031"]
[BlackFideId "10211870"]
[EventDate "2016.12.09"]

1. b4 d5 2. Bb2 Bf5 3. e3 Nf6 4. Nf3 Nbd7 5. c4 c6 6. Qb3 e6 7. Be2 Bd6 8. d4
dxc4 9. Bxc4 O-O 10. Nbd2 Ne4 11. Nxe4 Bxe4 12. Nd2 Bg6 13. Bxe6 Re8 14. Bg4 Qe7
15. b5 c5 16. Nc4 cxd4 17. Bxd4 Bb4+ 18. Ke2 Rad8 19. Rhd1 Nf6 20. Bf3 Bc5 21.
Bxc5 Qxc5 22. Rac1 Qe7 23. Kf1 Ne4 24. Kg1 Nc5 25. Qa3 b6 26. Bc6 Rxd1+ 27. Rxd1
Rd8 28. Qc1 Nd3 29. Qd2 Qc5 30. Nb2 Qa3 31. e4 1-0

[Event "London Classic Open 2016"]
[Site "London ENG"]
[Date "2016.12.14"]
[Round "7.96"]
[White "Edwards, Simon R"]
[Black "Rogacewicz, Mikolaj"]
[Result "1-0"]
[WhiteElo "1976"]
[BlackElo "1765"]
[WhiteFideId "406821"]
[BlackFideId "21842981"]
[EventDate "2016.12.09"]

1. e4 e6 2. d4 d5 3. Nc3 Bb4 4. e5 c5 5. Bd2 Nh6 6. Nb5 Bxd2+ 7. Qxd2 O-O 8.
dxc5 Nd7 9. Qc3 f6 10. exf6 Nxf6 11. Bd3 e5 12. O-O-O e4 13. Be2 Nfg4 14. Bxg4
Nxg4 15. Nh3 Nxf2 16. Nxf2 Rxf2 17. Qg3 Rf5 18. Nc7 Rg5 19. Rxd5 Rxd5 20. Nxa8
Qe7 21. b4 Qf6 22. Kb1 Qd4 23. a3 e3 24. Nc7 Rd8 25. Nb5 Qd2 26. Nd6 e2 27. Qb3+ 1-0

[Event "London Classic Open 2016"]
[Site "London ENG"]
[Date "2016.12.14"]
[Round "7.97"]
[White "McKerracher, Douglas"]
[Black "Ainsworth, George"]
[Result "1-0"]
[WhiteElo "1962"]
[BlackElo "1711"]
[WhiteFideId "2401002"]
[BlackFideId "449636"]
[EventDate "2016.12.09"]

1. e4 c6 2. d3 d5 3. Nd2 e5 4. Ngf3 Bd6 5. g3 Nf6 6. Bg2 O-O 7. O-O Nbd7 8. Re1
Qc7 9. b3 a5 10. a3 Re8 11. Bb2 b5 12. a4 Bb7 13. d4 exd4 14. Nxd4 Qb6 15. exd5
Rxe1+ 16. Qxe1 Nxd5 17. Ne4 Re8 18. Qd2 Be5 19. f4 Bf6 20. Nxf6+ N7xf6 21. Kh1
Ng4 22. Re1 Rxe1+ 23. Qxe1 Kf8 24. Bxd5 cxd5 25. h3 Nf6 26. Qe5 bxa4 27. Ba3+ 1-0